[Event "2. Torneio Aberto do Brasil - Fortaleza"]
[Site "Fortaleza BRA"]
[Date "2012.04.05"]
[Round "1.54"]
[White "Urquidi, Fabio Moraes"]
[Black "Chang, Suzana"]
[Result "0-1"]
[WhiteElo "1780"]
[BlackElo "2055"]
[PlyCount "123"]
[EventDate "2012.04.05"]
[EventType "swiss"]
[EventRounds "7"]
[EventCountry "BRA"]
[Source "lmi"]
[SourceDate "2012.08.05"]

1. e4 c5 2. d4 cxd4 3. c3 dxc3 4. Nxc3 e6 5. Bc4 a6 6. Nf3 Nc6 7. O-O b5 8. Bb3
Bb4 9. Bf4 Nge7 10. Rc1 Ng6 11. Bd6 Bxd6 12. Qxd6 Qe7 13. Rfd1 Qxd6 14. Rxd6
Ke7 15. Rcd1 Na5 16. g3 f6 17. Ne2 Nxb3 18. axb3 Rd8 19. Rb6 Ne5 20. Nxe5 fxe5
21. Rc1 Ra7 22. f4 d6 23. Rcc6 Rad7 24. fxe5 dxe5 25. Rxe6+ Kf7 26. Rxe5 Rd2
27. Nc3 Rxb2 28. Nd5 Bh3 29. Rb7+ Kf8 30. Ree7 Rg2+ 31. Kf1 Rxg3+ 32. Ke1 Rg1+
33. Kf2 Rg2+ 34. Ke3 Bc8 35. Rbc7 a5 36. Rf7+ Kg8 37. Rf4 Be6 38. Ne7+ Kh8 39.
Nc6 Ra8 40. Nd4 Bg8 41. Nxb5 Bxb3 42. Nd6 a4 43. Nc8 h6 44. Nb6 Rb8 45. Nd7 Re8
46. Nc5 Rxh2 47. Nxb3 axb3 48. Rb7 h5 49. Rxb3 Rh3+ 50. Rf3 Rxf3+ 51. Kxf3 Kh7
52. Rb6 g6 53. Kf4 Kh6 54. e5 Rf8+ 55. Kg3 Kg5 56. e6 Re8 57. Kh3 Kf6 58. e7+
Kf7 59. Kh4 Rxe7 60. Kg5 Re5+ 61. Kf4 Rf5+ 62. Kg3 0-1

[Event "2. Torneio Aberto do Brasil - Fortaleza"]
[Site "Fortaleza BRA"]
[Date "2012.04.05"]
[Round "1.55"]
[White "Lima, Jose Sampaio De"]
[Black "Batista, Francisco Klemberg "]
[Result "1-0"]
[WhiteElo "2045"]
[BlackElo "1771"]
[PlyCount "55"]
[EventDate "2012.04.05"]
[EventType "swiss"]
[EventRounds "7"]
[EventCountry "BRA"]
[Source "lmi"]
[SourceDate "2012.08.05"]

1. Nf3 Nf6 2. g3 d5 3. Bg2 Bf5 4. O-O h6 5. c4 e6 6. Qb3 b6 7. d3 c6 8. cxd5
cxd5 9. Nc3 Nbd7 10. Qa4 Be7 11. Nd4 Bg6 12. Nc6 Qc7 13. Nxe7 Kxe7 14. Bf4 e5
15. Nb5 Qc6 16. Rac1 Nc5 17. Bxe5 a6 18. Rxc5 bxc5 19. Bd6+ Kd7 20. Bh3+ Ng4
21. Qxg4+ Kd8 22. Nc7 Qxd6 23. Nxa8 Ke7 24. Nb6 Qxb6 25. Qd7+ Kf6 26. Qxd5 Qxb2
27. Qd6+ Kg5 28. Qf4+ 1-0

[Event "2. Torneio Aberto do Brasil - Fortaleza"]
[Site "Fortaleza BRA"]
[Date "2012.04.05"]
[Round "1.56"]
[White "Baptista, Andre Kemper"]
[Black "Cardoso, Almir Correia"]
[Result "0-1"]
[WhiteElo "1768"]
[BlackElo "2045"]
[PlyCount "118"]
[EventDate "2012.04.05"]
[EventType "swiss"]
[EventRounds "7"]
[EventCountry "BRA"]
[Source "lmi"]
[SourceDate "2012.08.05"]

1. e4 c5 2. Nc3 g6 3. f4 e6 4. Nf3 Bg7 5. Rb1 Ne7 6. Bc4 O-O 7. O-O d5 8. exd5
exd5 9. Be2 Nbc6 10. d3 Nf5 11. g4 Nfd4 12. Nxd4 Nxd4 13. Bf3 Be6 14. Bg2 Qd7
15. h3 f5 16. g5 Rad8 17. Be3 b6 18. Bxd4 Bxd4+ 19. Kh2 Bg7 20. Ne2 d4 21. b3
h6 22. h4 hxg5 23. hxg5 Kf7 24. Kg3 Bd5 25. Bxd5+ Qxd5 26. Ng1 Rfe8 27. Qd2
Re3+ 28. Nf3 Rde8 29. Rbe1 R8e7 30. Qg2 Qb7 31. Rd1 b5 32. Rf2 Qc7 33. Rh1 c4
34. dxc4 bxc4 35. Qf1 cxb3 36. axb3 Rc3 37. Qd1 Kg8 38. Re2 Re4 39. Rh4 Qc6 40.
Rf2 Bf8 41. Qh1 Bg7 42. Qd1 Ree3 43. Rh3 d3 44. cxd3 Rcxd3 45. Qf1 Rxb3 46. Kg2
Red3 47. Ra2 Ra3 48. Qe2 Rab3 49. Rc2 Qxc2 50. Qxc2 Rb2 51. Qxb2 Bxb2 52. Kf2
a5 53. Ke2 Rb3 54. Kd2 Bg7 55. Kc2 a4 56. Ng1 Rb2+ 57. Kc1 Rf2 58. Rf3 Rg2 59.
Nh3 a3 0-1

[Event "2. Torneio Aberto do Brasil - Fortaleza"]
[Site "Fortaleza BRA"]
[Date "2012.04.05"]
[Round "1.57"]
[White "Costa, Fernando De Souza"]
[Black "Bezerra, Francisca Rejane De"]
[Result "1-0"]
[WhiteElo "2045"]
[BlackElo "1767"]
[PlyCount "55"]
[EventDate "2012.04.05"]
[EventType "swiss"]
[EventRounds "7"]
[EventCountry "BRA"]
[Source "lmi"]
[SourceDate "2012.08.05"]

1. d4 d5 2. Nf3 c6 3. Bf4 e6 4. Nbd2 f5 5. e3 Nf6 6. Be2 Be7 7. Ne5 O-O 8. h4
Ne4 9. Ndf3 Nd7 10. h5 c5 11. c3 Qa5 12. Qb3 b5 13. Qxb5 Qxb5 14. Bxb5 Rb8 15.
Bxd7 cxd4 16. Nxd4 Rxb2 17. O-O Bh4 18. g3 Be7 19. Nxe6 Ba6 20. Nxf8 Bxf1 21.
Rxf1 Bxf8 22. Be6+ Kh8 23. Kg2 Rxa2 24. Ng6+ hxg6 25. hxg6 Rxf2+ 26. Rxf2 Nxf2
27. Kxf2 a5 28. Bxd5 1-0

[Event "2. Torneio Aberto do Brasil - Fortaleza"]
[Site "Fortaleza BRA"]
[Date "2012.04.05"]
[Round "1.58"]
[White "Capistrano, Giovany Gomes"]
[Black "De Paula, Rafael Figueiredo"]
[Result "0-1"]
[WhiteElo "1755"]
[BlackElo "2041"]
[PlyCount "54"]
[EventDate "2012.04.05"]
[EventType "swiss"]
[EventRounds "7"]
[EventCountry "BRA"]
[Source "lmi"]
[SourceDate "2012.08.05"]

1. d4 Nf6 2. Nf3 g6 3. c4 Bg7 4. e3 O-O 5. Nc3 d5 6. cxd5 Nxd5 7. Be2 c5 8. O-O
Nc6 9. Nxd5 Qxd5 10. dxc5 Qxc5 11. Rb1 Bf5 12. Ra1 Bc2 13. Qe1 Rfd8 14. a3 a5
15. Nd2 Ne5 16. Bd1 Nd3 17. Qe2 Nxb2 18. Bxc2 Qxc2 19. Rb1 Bc3 20. Bxb2 Rxd2
21. Qb5 Bxb2 22. Qxb7 Rc8 23. Rxb2 Qxb2 24. Qxc8+ Kg7 25. Qc5 a4 26. Qxe7 Rd3
27. Qe5+ Qxe5 0-1

[Event "2. Torneio Aberto do Brasil - Fortaleza"]
[Site "Fortaleza BRA"]
[Date "2012.04.05"]
[Round "1.59"]
[White "Rezende, Guilherme Vilela"]
[Black "Filgueira, Cornelio Patricio B"]
[Result "1-0"]
[WhiteElo "2039"]
[BlackElo "1750"]
[PlyCount "63"]
[EventDate "2012.04.05"]
[EventType "swiss"]
[EventRounds "7"]
[EventCountry "BRA"]
[Source "lmi"]
[SourceDate "2012.08.05"]

1. d4 e6 2. c4 Nc6 3. d5 Nce7 4. Nc3 e5 5. Bg5 f6 6. Bd2 d6 7. e3 c6 8. Nf3 Qb6
9. b4 Qc7 10. a4 b6 11. Be2 a6 12. O-O c5 13. bxc5 dxc5 14. Qb3 Rb8 15. Rfb1 h6
16. a5 Bf5 17. e4 Bg4 18. axb6 Qb7 19. Qa4+ Kf7 20. Nxe5+ fxe5 21. Bxg4 g6 22.
Be6+ Kg7 23. f4 exf4 24. Bxf4 Ra8 25. Be5+ Nf6 26. Rf1 Nf5 27. exf5 Be7 28. d6
Bd8 29. fxg6 Rf8 30. Bd5 Qb8 31. Qd7+ Kh8 32. Qh7# 1-0

[Event "2. Torneio Aberto do Brasil - Fortaleza"]
[Site "Fortaleza BRA"]
[Date "2012.04.05"]
[Round "1.60"]
[White "Paiva, Lucas Daniel Bezerr"]
[Black "Bezerra, Flavio Rodrigo Cost"]
[Result "0-1"]
[WhiteElo "1739"]
[BlackElo "2033"]
[PlyCount "74"]
[EventDate "2012.04.05"]
[EventType "swiss"]
[EventRounds "7"]
[EventCountry "BRA"]
[Source "lmi"]
[SourceDate "2012.08.05"]

1. e4 c5 2. Nf3 g6 3. Nc3 Bg7 4. d4 cxd4 5. Nxd4 Nc6 6. Nxc6 bxc6 7. Qf3 d6 8.
Bc4 e6 9. O-O Ne7 10. Bg5 O-O 11. Rad1 f6 12. Bf4 d5 13. Qd3 Qb6 14. Na4 Qa5
15. Bb3 Ba6 16. c4 Bxc4 17. Bxc4 Qxa4 18. Bb3 Qb4 19. Be3 f5 20. Bd2 Qxe4 21.
Bb4 Qxd3 22. Rxd3 Rfe8 23. Re1 Kf7 24. Rde3 a5 25. Bxe7 Rxe7 26. Ba4 Rc8 27.
Rc1 Bh6 28. Rxc6 Rxc6 29. Bxc6 Bxe3 30. fxe3 Rc7 31. Ba4 Rb7 32. b3 Rc7 33. a3
e5 34. Kf2 Rc2+ 35. Kf3 Ra2 36. Bc6 Ke6 37. a4 Rb2 0-1

[Event "2. Torneio Aberto do Brasil - Fortaleza"]
[Site "Fortaleza BRA"]
[Date "2012.04.05"]
[Round "1.61"]
[White "De Paula, Guilherme Bueno"]
[Black "Viana, Cristiano Braga"]
[Result "1-0"]
[WhiteElo "2032"]
[BlackElo "1733"]
[PlyCount "69"]
[EventDate "2012.04.05"]
[EventType "swiss"]
[EventRounds "7"]
[EventCountry "BRA"]
[Source "lmi"]
[SourceDate "2012.08.05"]

1. g3 e5 2. Bg2 c6 3. Nf3 e4 4. Nd4 d5 5. d3 Nf6 6. O-O Bc5 7. Nb3 Bb6 8. Nc3
Bf5 9. Bg5 Qe7 10. dxe4 dxe4 11. Bxf6 gxf6 12. Nd4 Bg6 13. e3 O-O 14. Qg4 Re8
15. Rad1 Nd7 16. Nxc6 bxc6 17. Rxd7 f5 18. Rxe7 fxg4 19. Rxe8+ Rxe8 20. Rd1 f5
21. Bf1 Rd8 22. Bc4+ Kf8 23. Rxd8+ Bxd8 24. Kf1 Ke7 25. Ke2 Kd6 26. Na4 h5 27.
Kd2 Be8 28. b4 a5 29. Kc3 axb4+ 30. Kxb4 h4 31. Nc5 h3 32. Nb7+ Kc7 33. Nxd8
Kxd8 34. Be6 Bg6 35. Kc5 1-0

[Event "2. Torneio Aberto do Brasil - Fortaleza"]
[Site "Fortaleza BRA"]
[Date "2012.04.05"]
[Round "1.63"]
[White "Dos Santos, Tiago Augusto"]
[Black "Silva, Agamenon Viana Da"]
[Result "1-0"]
[WhiteElo "2023"]
[BlackElo "1693"]
[PlyCount "43"]
[EventDate "2012.04.05"]
[EventType "swiss"]
[EventRounds "7"]
[EventCountry "BRA"]
[Source "lmi"]
[SourceDate "2012.08.05"]

1. e4 e5 2. Nf3 Nc6 3. Bb5 d6 4. d4 Bd7 5. O-O Be7 6. Nc3 Nf6 7. Bg5 O-O 8.
dxe5 Nxe5 9. Bxd7 Nxf3+ 10. Qxf3 Qxd7 11. Rad1 Ne8 12. Bf4 g5 13. Qg3 f6 14. h4
h6 15. Be3 Kh7 16. hxg5 fxg5 17. Bd4 Nf6 18. e5 Nh5 19. Qd3+ Rf5 20. g4 Nf4 21.
Qxf5+ Qxf5 22. gxf5 1-0

[Event "2. Torneio Aberto do Brasil - Fortaleza"]
[Site "Fortaleza BRA"]
[Date "2012.04.05"]
[Round "1.64"]
[White "Assuncao, Jose Ribamar Da Cos"]
[Black "Santos, Antonio Inacio Dos"]
[Result "0-1"]
[WhiteElo "1675"]
[BlackElo "2017"]
[PlyCount "162"]
[EventDate "2012.04.05"]
[EventType "swiss"]
[EventRounds "7"]
[EventCountry "BRA"]
[Source "lmi"]
[SourceDate "2012.08.05"]

1. e4 c5 2. Nf3 d6 3. d4 cxd4 4. Nxd4 Nf6 5. Nc3 a6 6. Be3 Qc7 7. Be2 g6 8. O-O
Bg7 9. Qd2 b5 10. a3 Bb7 11. f3 Nbd7 12. Bh6 O-O 13. Bxg7 Kxg7 14. Kh1 Rac8 15.
Rac1 Nb6 16. Rfd1 Nc4 17. Bxc4 Qxc4 18. Nb3 b4 19. Nb1 bxa3 20. Nxa3 Qc7 21.
Na5 Ba8 22. N5c4 Rb8 23. b3 Rfc8 24. Qa5 Qxa5 25. Nxa5 Rc5 26. N5c4 Nd7 27. Kg1
f5 28. exf5 Rxf5 29. Ne3 Rc5 30. Nac4 Rbb5 31. Rd2 Nf6 32. Nb2 Rc3 33. Rd3 Rxd3
34. Nxd3 Kf7 35. Nb2 e5 36. Nbc4 Ke6 37. Ra1 Bb7 38. Na5 Ba8 39. c4 Rb6 40. Rd1
Rb8 41. Kf2 d5 42. cxd5+ Nxd5 43. Nec4 Rb5 44. Re1 Nf4 45. Re3 g5 46. g3 Ng6
47. Rc3 Bd5 48. Ke3 Ne7 49. Kf2 Nf5 50. g4 Nd4 51. Kg2 Bxc4 52. Nxc4 Rxb3 53.
Rxb3 Nxb3 54. Kf2 a5 55. Ke3 a4 56. Kd3 Nc5+ 57. Kc3 Kd5 58. Ne3+ Kc6 59. Nc4
Nd7 60. Kb4 Kd5 61. Kc3 e4 62. Nd2 exf3 63. Nxf3 h6 64. Kd3 Ne5+ 65. Nxe5 Kxe5
66. Kc3 Kf4 67. h3 Kg3 68. Kb4 Kxh3 69. Kxa4 Kxg4 70. Kb4 Kf3 71. Kc4 g4 72.
Kd4 g3 73. Ke5 g2 74. Kf5 g1=Q 75. Kf6 Qg5+ 76. Ke6 Ke4 77. Kd7 Kd5 78. Kc7
Qe7+ 79. Kb6 Qc5+ 80. Kb7 Qc6+ 81. Kb8 Qd7 0-1

[Event "2. Torneio Aberto do Brasil - Fortaleza"]
[Site "Fortaleza BRA"]
[Date "2012.04.05"]
[Round "1.65"]
[White "Braga, Jose Pereira"]
[Black "Rodrigues, Francisco Arimateia"]
[Result "1-0"]
[WhiteElo "2014"]
[BlackElo "1632"]
[PlyCount "74"]
[EventDate "2012.04.05"]
[EventType "swiss"]
[EventRounds "7"]
[EventCountry "BRA"]
[Source "lmi"]
[SourceDate "2012.08.05"]

1. e4 Nf6 2. e5 Nd5 3. d4 g6 4. f4 d6 5. Nf3 Bg7 6. Be2 O-O 7. O-O Nd7 8. c4
N5b6 9. Nc3 c5 10. dxc5 Nxc5 11. Be3 Nbd7 12. exd6 b6 13. Bd4 Nf6 14. dxe7 Qxe7
15. Nd5 Nxd5 16. cxd5 Bxd4+ 17. Nxd4 Qe3+ 18. Kh1 Ne4 19. Qd3 Nf2+ 20. Rxf2
Qxf2 21. Rf1 Qh4 22. Nc6 Re8 23. g3 Qh3 24. Bf3 a5 25. Bg2 Qg4 26. Qd4 Ba6 27.
Rc1 Re2 28. Ne5 Qh5 29. Qxb6 Rxg2 30. Kxg2 Qe2+ 31. Qf2 Qb5 32. Rc5 Qb4 33. Qc2
Re8 34. Qc3 Rxe5 35. fxe5 Qe4+ 36. Kg1 Qe2 37. Qc1 Qe3+ 1-0

[Event "2. Torneio Aberto do Brasil - Fortaleza"]
[Site "Fortaleza BRA"]
[Date "2012.04.06"]
[Round "2.1"]
[White "Pinto, Carlos Henrique Lop"]
[Black "Vescovi, Giovanni"]
[Result "0-1"]
[WhiteElo "2124"]
[BlackElo "2604"]
[PlyCount "126"]
[EventDate "2012.04.05"]
[EventType "swiss"]
[EventRounds "7"]
[EventCountry "BRA"]
[Source "lmi"]
[SourceDate "2012.08.05"]

1. f4 d5 2. Nf3 g6 3. g3 Bg7 4. Bg2 Nh6 5. c3 O-O 6. O-O c5 7. d3 d4 8. e4 dxe3
9. Bxe3 Qc7 10. Na3 Ng4 11. Bc1 Rd8 12. h3 Nf6 13. Nc4 Nc6 14. Qe2 Be6 15. Ne3
b6 16. Ng4 Bc8 17. Kh2 Bb7 18. Nge5 e6 19. Ng4 Ne8 20. Ng5 Nd6 21. Be3 Ne7 22.
Nf3 Re8 23. Rad1 Rad8 24. d4 Nef5 25. dxc5 Nxe3 26. Qxe3 Nc4 27. Qe2 Qxc5 28.
b4 Qc7 29. Nd4 Bxg2 30. Kxg2 h5 31. Ne3 Nd6 32. Qd3 Qb7+ 33. Kh2 e5 34. fxe5
Bxe5 35. Nc4 Nxc4 36. Qxc4 h4 37. Qc6 Bxg3+ 38. Kg2 Qc7 39. Qf3 Rd7 40. a4 Qf4
41. Qg4 Qxg4 42. hxg4 Re4 43. g5 Be5 44. Nb5 Rxd1 45. Rxd1 a6 46. Nd6 Rg4+ 47.
Kh3 Rxg5 48. Kxh4 Rh5+ 49. Kg4 f5+ 50. Kf3 Rh3+ 51. Ke2 Rh2+ 52. Kf3 Rh3+ 53.
Ke2 Rxc3 54. Rd5 Bf4 55. b5 axb5 56. Nxb5 Rc4 57. Rd7 Rxa4 58. Rb7 Re4+ 59. Kf3
g5 60. Rxb6 g4+ 61. Kg2 Re2+ 62. Kf1 Rb2 63. Rb7 g3 0-1

[Event "2. Torneio Aberto do Brasil - Fortaleza"]
[Site "Fortaleza BRA"]
[Date "2012.04.06"]
[Round "2.2"]
[White "Cubas, Jose Fernando"]
[Black "Okamura, Milton Kasuo"]
[Result "1-0"]
[WhiteElo "2518"]
[BlackElo "2118"]
[PlyCount "77"]
[EventDate "2012.04.05"]
[EventType "swiss"]
[EventRounds "7"]
[EventCountry "BRA"]
[Source "lmi"]
[SourceDate "2012.08.05"]

1. e4 e5 2. Nf3 Nc6 3. Bc4 Bc5 4. Nc3 Nf6 5. d3 h6 6. Be3 d6 7. Bxc5 dxc5 8.
Bb5 Qd6 9. Bxc6+ bxc6 10. h3 Nh5 11. g3 O-O 12. Nd2 Nf6 13. Nc4 Qe7 14. Qd2 Nd7
15. f4 f6 16. f5 Nb6 17. b3 Bd7 18. g4 Rfd8 19. h4 Be8 20. g5 Qf8 21. O-O-O a5
22. Rdg1 Kh8 23. gxh6 gxh6 24. a4 Nxc4 25. bxc4 Bf7 26. Nd1 h5 27. Ne3 Qh6 28.
Nf1 Qf8 29. Ne3 Rdb8 30. Nd1 Rd8 31. Qe3 Rab8 32. Rh2 Kh7 33. Rhg2 Rd4 34. Rg6
Bxg6 35. fxg6+ Kg7 36. Qf3 Qh8 37. Ne3 Qh6 38. Rg5 Kg8 39. Nf5 1-0

[Event "2. Torneio Aberto do Brasil - Fortaleza"]
[Site "Fortaleza BRA"]
[Date "2012.04.06"]
[Round "2.3"]
[White "Ribeiro, Matheus Cavalcante"]
[Black "Mekhitarian, Krikor Sevag"]
[Result "0-1"]
[WhiteElo "2121"]
[BlackElo "2512"]
[PlyCount "46"]
[EventDate "2012.04.05"]
[EventType "swiss"]
[EventRounds "7"]
[EventCountry "BRA"]
[Source "lmi"]
[SourceDate "2012.08.05"]

1. e4 c5 2. Nf3 e6 3. d4 cxd4 4. Nxd4 a6 5. Nc3 Qc7 6. Be2 Nf6 7. O-O d6 8. a4
Nc6 9. Be3 Be7 10. f4 O-O 11. Qe1 Nb4 12. Bd3 Ng4 13. Kh1 Nxe3 14. Qxe3 Bd7 15.
f5 Bf6 16. Nde2 Rac8 17. Ng3 Qc5 18. Qf4 g6 19. Rf3 Nc6 20. Nh5 gxh5 21. Qh6
Qe5 22. Rg3+ Kh8 23. fxe6 fxe6 0-1

[Event "2. Torneio Aberto do Brasil - Fortaleza"]
[Site "Fortaleza BRA"]
[Date "2012.04.06"]
[Round "2.4"]
[White "Lima, Darcy"]
[Black "De Oliveira, Aquiles Machado"]
[Result "1-0"]
[WhiteElo "2509"]
[BlackElo "2096"]
[PlyCount "41"]
[EventDate "2012.04.05"]
[EventType "swiss"]
[EventRounds "7"]
[EventCountry "BRA"]
[Source "lmi"]
[SourceDate "2012.08.05"]

1. e4 c5 2. Nf3 d6 3. c3 Nf6 4. Be2 Nc6 5. d4 cxd4 6. cxd4 Nxe4 7. d5 Qa5+ 8.
Nc3 Nxc3 9. bxc3 Nb8 10. O-O e5 11. dxe6 Bxe6 12. Ng5 Nd7 13. Rb1 Qc7 14. Bf3
Nc5 15. Be3 Rb8 16. Bxc5 dxc5 17. Qa4+ Bd7 18. Qc4 Be6 19. Nxe6 fxe6 20. Qxe6+
Be7 21. Rfe1 1-0

[Event "2. Torneio Aberto do Brasil - Fortaleza"]
[Site "Fortaleza BRA"]
[Date "2012.04.06"]
[Round "2.5"]
[White "Oliveira, Fernando Ventura"]
[Black "El Debs, Felipe De Cresce"]
[Result "0-1"]
[WhiteElo "2113"]
[BlackElo "2507"]
[PlyCount "54"]
[EventDate "2012.04.05"]
[EventType "swiss"]
[EventRounds "7"]
[EventCountry "BRA"]
[Source "lmi"]
[SourceDate "2012.08.05"]

1. e4 c5 2. Nf3 e6 3. d4 cxd4 4. Nxd4 Nc6 5. Nc3 Qc7 6. Be3 a6 7. Be2 Nf6 8.
O-O Bb4 9. Bf3 Ne5 10. Bf4 d6 11. Bxe5 dxe5 12. Nde2 O-O 13. Qc1 Rd8 14. a3 Bc5
15. Na4 Ba7 16. b4 b5 17. Nb2 Bb7 18. Ng3 Rac8 19. c4 bxc4 20. Ra2 c3 21. Nd1
c2 22. Ne3 Bxe3 23. fxe3 Qc4 24. Rb2 Nxe4 25. Nxe4 Bxe4 26. Rf2 Qc3 27. Ra2 Qb3
0-1

[Event "2. Torneio Aberto do Brasil - Fortaleza"]
[Site "Fortaleza BRA"]
[Date "2012.04.06"]
[Round "2.6"]
[White "Dayer, Horacio Saldano"]
[Black "Fonseca, Luis Ernesto Serra "]
[Result "1-0"]
[WhiteElo "2440"]
[BlackElo "2078"]
[PlyCount "31"]
[EventDate "2012.04.05"]
[EventType "swiss"]
[EventRounds "7"]
[EventCountry "BRA"]
[Source "lmi"]
[SourceDate "2012.08.05"]

1. e4 e5 2. Nf3 Nc6 3. Nc3 Nf6 4. g3 Bb4 5. Bg2 d6 6. d3 O-O 7. O-O Bg4 8. h3
Bd7 9. a3 Bxc3 10. bxc3 Qe7 11. Nh4 Rab8 12. Qe1 Kh8 13. f4 Ng8 14. f5 g6 15.
g4 Kg7 16. f6+ 1-0

[Event "2. Torneio Aberto do Brasil - Fortaleza"]
[Site "Fortaleza BRA"]
[Date "2012.04.06"]
[Round "2.7"]
[White "Molina, Roberto Junio Brito"]
[Black "Macedo, Maximo Valerio"]
[Result "1-0"]
[WhiteElo "2407"]
[BlackElo "2070"]
[PlyCount "45"]
[EventDate "2012.04.05"]
[EventType "swiss"]
[EventRounds "7"]
[EventCountry "BRA"]
[Source "lmi"]
[SourceDate "2012.08.05"]

1. d4 f5 2. g3 Nf6 3. Bg2 g6 4. Nf3 Bg7 5. O-O O-O 6. c4 d6 7. Nc3 c6 8. d5 e5
9. dxe6 Bxe6 10. b3 Kh8 11. Bb2 Qc7 12. Qc2 Na6 13. Rad1 Rad8 14. e3 Nc5 15.
Rfe1 Bg8 16. Nd4 Rfe8 17. Re2 a5 18. Red2 Nfe4 19. Nxe4 fxe4 20. Ne2 Be5 21.
Bxe5+ Rxe5 22. Qc3 Be6 23. Rxd6 1-0

[Event "2. Torneio Aberto do Brasil - Fortaleza"]
[Site "Fortaleza BRA"]
[Date "2012.04.06"]
[Round "2.8"]
[White "Barbosa, Evandro Amorim"]
[Black "Lima Neto, Pedro"]
[Result "1-0"]
[WhiteElo "2399"]
[BlackElo "2058"]
[PlyCount "65"]
[EventDate "2012.04.05"]
[EventType "swiss"]
[EventRounds "7"]
[EventCountry "BRA"]
[Source "lmi"]
[SourceDate "2012.08.05"]

1. e4 c6 2. d4 d5 3. Nc3 dxe4 4. Nxe4 Bf5 5. Ng3 Bg6 6. h4 h6 7. Nf3 Nd7 8. h5
Bh7 9. Bd3 Bxd3 10. Qxd3 e6 11. Bd2 Qc7 12. O-O-O Ngf6 13. Ne4 O-O-O 14. g3
Nxe4 15. Qxe4 Nf6 16. Qe2 Bd6 17. c4 c5 18. Bc3 cxd4 19. Nxd4 a6 20. Kb1 Kb8
21. Nb3 Ka8 22. Ba5 b6 23. c5 bxa5 24. Qxa6+ Qa7 25. Rxd6 Rxd6 26. Qxd6 Rc8 27.
Rc1 a4 28. Nd2 Nd5 29. Nc4 Qb7 30. Ne5 Rb8 31. Qc6 Qxc6 32. Nxc6 Rb7 33. Rc4
1-0

[Event "2. Torneio Aberto do Brasil - Fortaleza"]
[Site "Fortaleza BRA"]
[Date "2012.04.06"]
[Round "2.9"]
[White "De Souza, Arthur Olintho"]
[Black "Rodi, Luis Ernesto"]
[Result "1/2-1/2"]
[WhiteElo "2076"]
[BlackElo "2391"]
[PlyCount "82"]
[EventDate "2012.04.05"]
[EventType "swiss"]
[EventRounds "7"]
[EventCountry "BRA"]
[Source "lmi"]
[SourceDate "2012.08.05"]

1. e4 e5 2. Nf3 Nc6 3. d4 exd4 4. Nxd4 Nf6 5. Nxc6 bxc6 6. e5 Qe7 7. Qe2 Nd5 8.
c4 Nb6 9. b3 a5 10. Ba3 Qg5 11. Bxf8 Qc1+ 12. Qd1 Qxd1+ 13. Kxd1 Rxf8 14. Nd2
Bb7 15. Bd3 O-O-O 16. Kc2 d6 17. exd6 cxd6 18. Rhe1 Rfe8 19. Ne4 Rf8 20. c5
dxc5 21. Nxc5 Nd5 22. Bf5+ Kc7 23. a3 Rfe8 24. Rad1 Bc8 25. Bxc8 Rxc8 26. g3
Ra8 27. Nd3 Reb8 28. Re4 Re8 29. Rde1 Rxe4 30. Rxe4 Rd8 31. Nf4 Kb6 32. Nxd5+
Rxd5 33. f4 Rd7 34. Re8 h5 35. Rb8+ Kc5 36. Ra8 Kb6 37. Rb8+ Ka7 38. Re8 Kb7
39. Re5 a4 40. Rxh5 axb3+ 41. Kxb3 Kb6 1/2-1/2

[Event "2. Torneio Aberto do Brasil - Fortaleza"]
[Site "Fortaleza BRA"]
[Date "2012.04.06"]
[Round "2.10"]
[White "Limp, Eduardo Thelio"]
[Black "Lima Filho, Gilberto Faco"]
[Result "1-0"]
[WhiteElo "2382"]
[BlackElo "2056"]
[PlyCount "107"]
[EventDate "2012.04.05"]
[EventType "swiss"]
[EventRounds "7"]
[EventCountry "BRA"]
[Source "lmi"]
[SourceDate "2012.08.05"]

1. Nf3 Nf6 2. g3 g6 3. Bg2 Bg7 4. O-O O-O 5. c4 c5 6. d4 cxd4 7. Nxd4 Nc6 8.
Nc2 d6 9. Nc3 Ne5 10. b3 a6 11. Bb2 Rb8 12. Nd4 Bd7 13. Qd2 Re8 14. Rfc1 Qa5
15. e3 Rec8 16. a4 Nc6 17. Nde2 Ne5 18. Nd4 Nc6 19. Qe2 Nb4 20. Qd2 Nc6 21. Qd1
Nb4 22. h3 d5 23. Qd2 dxc4 24. Na2 Nc6 25. b4 Qh5 26. g4 Qh6 27. Rxc4 Nxd4 28.
Rxc8+ Rxc8 29. Bxd4 Bc6 30. Nc3 Rd8 31. Qe2 Bxg2 32. Kxg2 Nd5 33. Nxd5 Rxd5 34.
Qc4 Bxd4 35. Rd1 e6 36. Rxd4 Rxd4 37. Qxd4 Qf8 38. b5 axb5 39. axb5 Qc8 40. Qd6
Kg7 41. Qe5+ Kg8 42. Kg3 h6 43. h4 Qd7 44. h5 Kh7 45. hxg6+ Kxg6 46. Kf4 f6 47.
Qe4+ Kg7 48. Qc4 Qd6+ 49. Ke4 Qe5+ 50. Kf3 Qd5+ 51. Qxd5 exd5 52. Kf4 Kg6 53.
b6 Kg7 54. Kf5 1-0

[Event "2. Torneio Aberto do Brasil - Fortaleza"]
[Site "Fortaleza BRA"]
[Date "2012.04.06"]
[Round "2.11"]
[White "Fiaes, Mario Henrique Andr"]
[Black "Perdomo, Leandro"]
[Result "0-1"]
[WhiteElo "2069"]
[BlackElo "2372"]
[PlyCount "114"]
[EventDate "2012.04.05"]
[EventType "swiss"]
[EventRounds "7"]
[EventCountry "BRA"]
[Source "lmi"]
[SourceDate "2012.08.05"]

1. d4 Nf6 2. c4 g6 3. Nc3 Bg7 4. e4 d6 5. f3 O-O 6. Be3 Nbd7 7. Qd2 c5 8. Nge2
a6 9. d5 Ne5 10. Ng3 e6 11. a4 exd5 12. cxd5 Bd7 13. Be2 b5 14. O-O Rb8 15.
axb5 axb5 16. Ra6 b4 17. Nd1 Rb6 18. Rxb6 Qxb6 19. b3 Ra8 20. Bf2 Ra3 21. Qc2
Bb5 22. Ne3 Bxe2 23. Nxe2 Qa6 24. Nc1 Nh5 25. Bg3 Nxg3 26. hxg3 Nd7 27. Nc4
Bd4+ 28. Kh2 Ne5 29. Nd2 h5 30. Rd1 Kg7 31. Nf1 Ra1 32. Qd2 Rb1 33. Ne3 Rb2 34.
Nc2 Bc3 35. Qf2 c4 36. Nxb4 Qb7 37. Qe3 Qxb4 38. bxc4 Qxc4 39. Nd3 Nxd3 40.
Qxd3 Qxd3 41. Rxd3 Bf6 42. Ra3 g5 43. f4 Re2 44. Ra4 h4 45. Rc4 hxg3+ 46. Kxg3
gxf4+ 47. Kf3 Rb2 48. Kxf4 Rxg2 49. Kf3 Rb2 50. Ra4 Rb3+ 51. Ke2 Be5 52. Rc4
Kg6 53. Ra4 Kg5 54. Kd2 Kf4 55. Kc2 Re3 56. Ra7 f6 57. Rh7 Kxe4 0-1

[Event "2. Torneio Aberto do Brasil - Fortaleza"]
[Site "Fortaleza BRA"]
[Date "2012.04.06"]
[Round "2.12"]
[White "Santiago, Yago De Moura"]
[Black "Lima, Jose Sampaio De"]
[Result "1/2-1/2"]
[WhiteElo "2360"]
[BlackElo "2045"]
[PlyCount "110"]
[EventDate "2012.04.05"]
[EventType "swiss"]
[EventRounds "7"]
[EventCountry "BRA"]
[Source "lmi"]
[SourceDate "2012.08.05"]

1. e4 c5 2. Nf3 d6 3. d4 cxd4 4. Nxd4 Nf6 5. Nc3 a6 6. Bc4 e6 7. Bb3 Nbd7 8.
O-O Nc5 9. f4 Nxb3 10. axb3 Be7 11. Be3 Rb8 12. Qf3 O-O 13. Rad1 Qa5 14. e5
dxe5 15. fxe5 Nd5 16. Nxd5 exd5 17. Qg3 Kh8 18. Rxf7 Rxf7 19. e6 Rf8 20. Qxb8
Qc5 21. Qg3 Bd6 22. Qg4 Qc7 23. g3 Re8 24. Bf4 Be5 25. Bxe5 Qxe5 26. Qf4 Qxf4
27. gxf4 Bxe6 28. Nxe6 Rxe6 29. Rxd5 h6 30. Kf2 Kh7 31. c4 Rb6 32. Rd3 Kg6 33.
Kf3 Kf5 34. h4 g6 35. h5 gxh5 36. Rd5+ Kf6 37. Rxh5 Rxb3+ 38. Ke4 Rxb2 39.
Rxh6+ Kg7 40. Rd6 Re2+ 41. Kf5 Re7 42. Kg5 Rc7 43. f5 a5 44. Rd5 a4 45. c5 a3
46. Rd3 a2 47. Ra3 Rxc5 48. Rxa2 Rc1 49. Rg2 Rf1 50. Rg3 b5 51. Rg4 Ra1 52.
Kf4+ Kf7 53. Rg6 Rf1+ 54. Ke4 Re1+ 55. Kf4 Rf1+ 1/2-1/2